Skúsenosti z podnikania v agrosektore (budúcnosť a perspektíva slovenského poľnohospodárstva v EÚ

Skúsenosti z podnikania v agrosektore SR na príklade spoločnosti United Industries, a.s. ktorá začala podnikať v cukrovarníctve. Charakteristika Spoločnej poľnohospodárskej politiky. Perspektíva slovenského poľnohospodárstva v EÚ.

Guardado en:
Detalles Bibliográficos
Autor principal: Šebo, Eduard
Formato: Capítulo de libro
Lenguaje:eslovaco
Materias:
Etiquetas: Agregar Etiqueta
Sin Etiquetas, Sea el primero en etiquetar este registro!

MARC

LEADER 00000naa$a2200000$$$4500
001 0044122
005 20230808080118.1
041 0 |a slo 
044 |a SK 
245 1 0 |a Skúsenosti z podnikania v agrosektore (budúcnosť a perspektíva slovenského poľnohospodárstva v EÚ  |c Eduard Šebo 
520 |a Skúsenosti z podnikania v agrosektore SR na príklade spoločnosti United Industries, a.s. ktorá začala podnikať v cukrovarníctve. Charakteristika Spoločnej poľnohospodárskej politiky. Perspektíva slovenského poľnohospodárstva v EÚ. 
610 2 0 |a Slovensko 
610 2 0 |a poľnohospodárstvo 
610 2 0 |a politika poľnohospodárska 
610 2 0 |a Európska únia 
610 2 0 |a potravinárstvo 
610 2 0 |a dotácie 
610 2 0 |a trh poľnohospodársky 
610 2 0 |a trh potravinový 
610 2 0 |a agropotravinárstvo 
100 1 |a Šebo, Eduard